01047 2200229 4500001002100000005001500021035002000036007000300056008004100059020002200100082001200122084001800134100003300152245010400185250001000289260004800299300004500347500035100392650002900743700002800772990001700800INLIS00000000000097820260507082954 a0010-0823000142ta260507 c 0 ind  a978-979-055-507-5 a297.911 a297.911 NUR m0 aNurul Asmayani ( Pengarang )1 aMukjizat terbesar :bbukti kenabian dan kerasulan /cNurul Asmayani, ,dkk ; ilustrator Ade wawa,dkk acet 7 aBandung :bSygma Creative Media Corp,c2020 a48 :bilus. ;gambar berwarna ;c27 cme- a'Abdullah bin Mas'ud mengatakan bahwa Rasulullah saw. bersabda, "sesungguhnya, Al Qur'an adalah hidangan Allah. terimalah hidangan-Nya semampu kalian. Sesunggunya, Al Qur'an adalah tali Allah yang kuat, cahaya yang menerangi obat yang bermanfaat, menjaga orang yang berpegangan kepadanya dan menyelamatkan orang yang mengikutinya ...." (HR Hakim) 4aislam - bacaan anak-anak0 aAde wawa ( Ilustrator ) a00009/K/2021